000 00337nam a2200145Ia 4500
999 _c14242
_d14242
005 20260303103732.0
008 260210s9999 xx 000 0 und d
020 _a9780980061703
100 _aSage Russell
245 0 _aThe Architecture of Light
260 _bConceptnine
260 _c2008
300 _a264 pages
942 _cUG
_2ddc